000 01417nam a2200277Ia 4500
999 _c53616
_d53616
001 20663
003 GE_BSU
005 20210228230727.0
008 181216s2015||||ge |||||||||||||| ||geo||
020 _a9789941945205
040 _cGE_BSU
041 _ageo
080 _a81(479.22)(092) კ-49
100 _aკიკნაძე, ლია
_910272
245 _aვასილ ჭილაძე :
_bახალი სახელი ქართულ ლექსიკოგრაფიაში /
_cლია კიკნაძე ; რედაქტორები : ც. ქურციკიძე, მ. ქავთარია.
264 _aთბილისი :
_bკორნელი კეკელიძის სახ.ხელნაწერთა ეროვნული ცენტრ,
_c2015.
300 _a262 გვ. ;
_c 21 სმ.
500 _aსაძიებლები : გვ. 248-255
504 _aბიბლიოგრ. : გვ. 256-259
546 _aრეზიუმე რუსულ ენაზე
653 _aვასილ ჭილაძე
653 _aახალი სახელი ქართულ ლექსიკოგრაფიაში
700 _aქურციკიძე, ც.
_eრედაქტორი
_91286
700 _aქავთარია, მ.
_eრედაქტორი
_91179
942 _cBK
_2udc